Minidictionary for nurses / (Record no. 22890)
[ view plain ]
| 000 -LEADER | |
|---|---|
| fixed length control field | 01109nam a22002535a 4500 |
| 008 - FIXED-LENGTH DATA ELEMENTS--GENERAL INFORMATION | |
| fixed length control field | 161027s2014 enka||||rd||| 00| 0 eng d |
| 020 ## - INTERNATIONAL STANDARD BOOK NUMBER | |
| International Standard Book Number | 9780199666386 |
| 020 ## - INTERNATIONAL STANDARD BOOK NUMBER | |
| International Standard Book Number | 0199666385 |
| 040 ## - CATALOGING SOURCE | |
| Original cataloging agency | EG-ScBUE |
| Language of cataloging | eng |
| Transcribing agency | EG-ScBUE |
| 082 04 - DEWEY DECIMAL CLASSIFICATION NUMBER | |
| Edition number | 22 |
| Classification number | 610.7303 |
| Item number | MIN |
| 245 ## - TITLE STATEMENT | |
| Title | Minidictionary for nurses / |
| Statement of responsibility, etc | Consultant, Tanya A. McFerran; editor, Elizabeth A. Martin. |
| 250 ## - EDITION STATEMENT | |
| Edition statement | 7th ed. |
| 260 ## - PUBLICATION, DISTRIBUTION, ETC. (IMPRINT) | |
| Place of publication, distribution, etc | Oxford : |
| Name of publisher, distributor, etc | Oxford University Press, |
| Date of publication, distribution, etc | 2014. |
| 300 ## - PHYSICAL DESCRIPTION | |
| Extent | xii, 830 p. : |
| Other physical details | ill. ; |
| Dimensions | 12 cm. |
| 500 ## - GENERAL NOTE | |
| General note | First published : Pocket dictionary for nurses, 1984 |
| 520 ## - SUMMARY, ETC. | |
| Summary, etc | This best-selling dictionary provides detailed coverage of the ever-expanding vocabulary of the nursing professions in an authoritative and accessible way. It is a must-have for all nurses, nursing students, and medical practitioners, including midwives and health visitors |
| 590 ## - LOCAL NOTE (RLIN) | |
| Local note | Wessam |
| 650 #7 - SUBJECT ADDED ENTRY--TOPICAL TERM | |
| Source of heading or term | BUEsh |
| 9 (RLIN) | 9403 |
| Topical term or geographic name as entry element | Nursing |
| Form subdivision | Dictionaries. |
| 651 ## - SUBJECT ADDED ENTRY--GEOGRAPHIC NAME | |
| Source of heading or term | BUEsh |
| 653 ## - INDEX TERM--UNCONTROLLED | |
| Resource For college | Nursing |
| Arrived date list | October2016 |
| 700 1# - ADDED ENTRY--PERSONAL NAME | |
| 9 (RLIN) | 37207 |
| Personal name | McFerran, Tanya A. |
| Relator term | Consultant. |
| 700 1# - ADDED ENTRY--PERSONAL NAME | |
| 9 (RLIN) | 37208 |
| Personal name | Martin, Elizabeth A. |
| Relator term | editor. |
| 942 ## - ADDED ENTRY ELEMENTS (KOHA) | |
| Source of classification or shelving scheme | Dewey Decimal Classification |
| Edition | 22 |
| Call number prefix | 610.7303 MIN |
| Withdrawn status | Item status | Source of classification or shelving scheme | Damaged status | Not for loan | Vendor | Home library | Current library | Shelving location | Date acquired | Source of acquisition | Cost, normal purchase price | Serial Enumeration / chronology | Total Checkouts | Full call number | Barcode | Date last seen | Cost, replacement price | Koha item type |
|---|---|---|---|---|---|---|---|---|---|---|---|---|---|---|---|---|---|---|
| Dewey Decimal Classification | Baccah | Central Library | Central Library | Ground Floor | 27/10/2016 | Purchase | 100.00 | 3632 | 610.7303 MIN | 000034474 | 15/07/2025 | 125.00 | Reference (NB) |